| 000 | 00892nam a2200289Ia 4500 | ||
|---|---|---|---|
| 003 | OSt | ||
| 005 | 20220926005745.0 | ||
| 006 | a|||||r|||| 00| 0 | ||
| 007 | ta | ||
| 008 | 220923b |||||||| |||| 00| 0 eng d | ||
| 020 |
_a9780073530222 _c663 |
||
| 037 |
_b5330, 17/10/2014, RAJKIRAN BOOK AGENCY _cGeneral Book |
||
| 040 |
_aRTL _cRTL _beng |
||
| 041 |
_2eng _aeng |
||
| 082 | _aX:8, P9 | ||
| 100 |
_aJONES Gareth R. _913705 |
||
| 245 | 0 | _aContemporary management | |
| 250 | _a5th | ||
| 260 |
_a New Delhi _bTata McGraw-Hill Education _c2009 |
||
| 300 |
_axxxii,805p. _ccm. |
||
| 490 | _aOxford India Paperbacks | ||
| 500 | _aBibliography: Chapterwise. | ||
| 650 | _aCommerce | ||
| 700 |
_a GEORGE Jennifer M. _9310983 |
||
| 942 |
_hX:8, P9 _cGB _2CC |
||
| 999 |
_c615124 _d615124 |
||